00000000nam##2200000za#4500
0019.569633
003CaOODSP
00520210624181848
007cr |||||||||||
008150406|2002||||xxc|||||o    f|0| 0 eng|d
040 |aCaOODSP|beng
043 |an-cn---
0861 |aNH18-1/115-2002E-PDF
1102 |aCanada Mortgage and Housing Corporation.
24510|aMonitored performance of an innovative multi-unit residential building : |h[electronic resource]|bfinal report / |cprepared by Enermodal Engineering Limited.
260 |aOttawa - Ontario : |bCanada Mortgage and Housing Corporation |c2002.
300 |a142p.|bfigs., references, tables, photographs
4901 |aResearch report
546 |a(Résumé en français.)
590 |a12-28-Supp|b2012-06-15
830#0|aResearch report (Canada Mortgage and Housing Corporation : Online)|w(CaOODSP)9.506068
85640|ahttp://publications.gc.ca|qPDF|s8 MB|uhttps://publications.gc.ca/collections/collection_2011/schl-cmhc/nh18-1/NH18-1-115-2002-eng.pdf